| 000 | 00349nam a2200133Ia 4500 | ||
|---|---|---|---|
| 008 | 231019s9999 xx 000 0 und d | ||
| 082 |
_a174.4 _bAKR-A |
||
| 100 | _aDr.Mian Muhammad Akram | ||
| 245 | 3 | _aAn introduction to Business Ethics | |
| 260 |
_aLahore, Pakistan _bIlmi Kitab Khana _c2015 |
||
| 300 | _a123 | ||
| 650 | _aBusiness | ||
| 999 |
_c34605 _d34605 |
||